Vérone - Choix Multiples - Statistiques

Statistiques générales
  • Ce quiz a été pris 47 fois
  • Le résultat moyen est 6 sur 10
Statistiques - réponses
Question Réponse % Correct
Qui est l'auteur de Roméo et Juliette, la pièce qui se déroule à Vérone la plus connue ? Shakespeare
100%
Selon la supersitition, que faut-il faire devant la statue de Juliette pour avoir de la chance en amour ? Lui toucher le sein droit
71%
Dans quel lieu se déroule le Festival d'opéra de Vérone ? Un amphithéâtre romain
68%
Par quels occupants le fameux pont de pierre de Vérone a-t-il été construit ? Romains
63%
Quelle cité-état et république contrôlait Vérone de 1405 à 1795 ? Venise
63%
Pour quel art Paul Véronèse est-il connu ? Peinture
54%
Lequel de ces clubs de football de Vérone n'existe pas ? Sporting
44%
Quel fleuve traverse la ville ? Adige
41%
Laquelle de ces images montre la basilique romane Saint-Zénon ?
34%
Qu'est-ce que l'Amarone, un ingrédient un peu spécial utilisé dans un risotto populaire à Vérone ? Du vin rouge
27%
Aucun quiz correspondant
Distribution des résultats
% des personnes avec chaque résultat
Percentile par nombre de réponses
Votre historique - résultats
Vous n’avez pas pris ce quiz